| 000 | 01039nam a22003017a 4500 | ||
|---|---|---|---|
| 001 | 000610 | ||
| 003 | DO-SdBNP | ||
| 005 | 20180131145914.0 | ||
| 007 | 000610 | ||
| 008 | 161027b 1990 sp a ||||| |||| 00| 0 spa d | ||
| 020 | _a8427249020 | ||
| 040 |
_aBPMSU _bspa _cBPMSU |
||
| 041 | 1 | 7 |
_aspa _heng |
| 082 |
_axxxx _bxxxx |
||
| 100 | 1 | _aArthur, Robert | |
| 240 | 1 | 0 |
_aThe mystery of the stuttering parrot. _lEspañol |
| 245 | 1 | 0 |
_aMisterio del loro tartamudo / _ctexto de Robert Arthur ; traducción de M. Lourdes Pol de Ramírez ; ilustraciones de R. Escolano. |
| 260 |
_aBarcelona : _bMolino, _c1990. |
||
| 300 |
_a174 p. : _bil. ; _c21 cm. |
||
| 490 | 1 |
_aAlfred Hitchcock y los tres investigadores _v2 |
|
| 500 | _aTraducción de: The mystery of the stuttering parrot. | ||
| 700 | 1 | 2 |
_aPol de Ramírez, M. L. _etr. |
| 700 | 1 | 2 |
_aEscolano, R. _eil. |
| 830 | 0 |
_aAlfred Hitchcock y los tres investigadores ; _v2 |
|
| 942 |
_2ddc _cBK |
||
| 945 | _aInventariado, 2018/ YL | ||
| 956 |
_2LOPEREZ _310 _620161027 _8BPMSU _a00041 |
||
| 999 |
_c11705 _d11705 |
||